Quizzes
Events
Quiz Creation
Community
Videos
Private Events
Remove Ads
Sign In
Join for FREE
Feedback
Dark Mode
Quiz Categories
Sports
Geography
Music
Movies
Television
Just For Fun
Miscellaneous
History
Literature
Language
Science
Gaming
Entertainment
Religion
Holiday
For Kids
Quiz Lab
Recent
Popular Today
Quiz Kudos Today
Editor Picks
Curator Picks
Quizzes by...
Day
Popularity
Type
Ratings
Length
Year
Community
Subscriptions
Recent Discussions
Orange Saloon
Badges
Playlists
Quests
Create
Leaderboards
Showdown
Live 5
Trivia Bingo
Activity
Puzzle Library
Sporcle Events
Private Events
Virtual Trivia
Globe League
Become a Host
Pub Owners
SporcleCon
Opinionation
Our Games
Videos
Blog
Mobile Apps
Partnerships
Remove Ads and Go Orange
Feedback
Sports
Athletes
MLB
NBA
NHL
NFL
Soccer
Sports Teams
WWE
NCAA
Football
Premier League
Basketball
Baseball
Hockey
Golf
Tennis
Cricket
Rugby
Auto Racing
Olympics
World Cup
Sports
Athletes
MLB
NBA
NHL
NFL
Soccer
Sports Teams
WWE
NCAA
Football
Premier League
Basketball
Baseball
Hockey
Golf
Tennis
Cricket
Rugby
Auto Racing
Olympics
World Cup
Random Quiz
Search Sporcle
×
Quiz Lab
Quiz Lab
Sports
NFL
Type in answers that appear in a list
Type in answers that appear in a list
Classic
Best Score? Go Orange.
NFL Top 5 Rushing Carries by Team (2013) Stats
Can you name the NFL Top 5 Rushing Carries by Team (2013)
By
so_shiny
15m
160 Questions
117 Plays
117 Plays
117 Plays
Comments
Comments
Give Quiz Kudos
Give Quiz Kudos
-
- Ratings
hide this ad
More Info
Replay
Link that replays current quiz
Next Quiz
Link to next quiz in quiz playlist
You Got
0%
They Got
Avg Score
64%
Avg Friend Score
Upgrade to see
Score Distribution
Jump to the score distribution portion of the page
Score
0/160
Timer
15:00
0
Plays Today
Team
Player
% Correct
Buffalo Bills
Fred Jackson
99.1%
Seattle Seahawks
Tarvaris Jackson
99.1%
Atlanta Falcons
Steven Jackson
99.1%
Houston Texans
Dennis Johnson
97.4%
Tennessee Titans
Chris Johnson
97.4%
New York Jets
Geno Smith
96.6%
Pittsburgh Steelers
Felix Jones
96.6%
Cincinnati Bengals
Marvin Jones
96.6%
Kansas City Chiefs
Alex Smith
96.6%
Arizona Cardinals
Alfonso Smith
96.6%
Atlanta Falcons
Antone Smith
96.6%
Baltimore Ravens
Ray Rice
95.7%
Houston Texans
Arian Foster
95.7%
Philadelphia Eagles
LeSean Mccoy
95.7%
Chicago Bears
Matt Forte
95.7%
Seattle Seahawks
Marshawn Lynch
95.7%
Carolina Panthers
DeAngelo Williams
95.7%
Pittsburgh Steelers
Le'Veon Bell
94.9%
Kansas City Chiefs
Jamaal Charles
94.9%
Detroit Lions
Joique Bell
94.9%
Minnesota Vikings
Adrian Peterson
94.9%
Green Bay Packers
Aaron Rodgers
94%
Atlanta Falcons
Jacquizz Rodgers
94%
Buffalo Bills
CJ Spiller
93.2%
Denver Broncos
Knowshon Moreno
93.2%
Dallas Cowboys
DeMarco Murray
93.2%
Detroit Lions
5 Tied
93.2%
Tennessee Titans
Shonn Greene
92.3%
Washington Redskins
Alfred Morris
92.3%
San Francisco 49ers
Frank Gore
92.3%
New York Giants
David Wilson
91.5%
Seattle Seahawks
Russell Wilson
91.5%
San Diego Chargers
Ronnie Brown
90.6%
Indianapolis Colts
Donald Brown
90.6%
Philadelphia Eagles
Bryce Brown
90.6%
New York Giants
Andre Brown
90.6%
Washington Redskins
Robert Griffin III
90.6%
Chicago Bears
Michael Bush
90.6%
Detroit Lions
Reggie Bush
90.6%
Green Bay Packers
Eddie Lacy
90.6%
Carolina Panthers
Jonathan Stewart
90.6%
Tampa Bay Buccaneers
Doug Martin
90.6%
Miami Dolphins
Daniel Thomas
88.9%
Dallas Cowboys
Tony Romo
88.9%
New Orleans Saints
Pierre Thomas
88.9%
Carolina Panthers
Cam Newton
88%
New England Patriots
LeGarrette Blount
87.2%
San Diego Chargers
Ryan Mathews
87.2%
New England Patriots
Stevan Ridley
86.3%
Miami Dolphins
Lamar Miller
86.3%
Cincinnati Bengals
BenJarvus Green Ellis
86.3%
Oakland Raiders
Darren McFadden
86.3%
New York Jets
Chris Ivory
85.5%
Cleveland Browns
Trent Richardson
85.5%
Team
Player
% Correct
Indianapolis Colts
Trent Richardson
85.5%
St Louis Rams
Daryl Richardson
85.5%
New England Patriots
Tom Brady
84.6%
Philadelphia Eagles
Michael Vick
84.6%
Indianapolis Colts
Andrew Luck
83.8%
Chicago Bears
Jay Cutler
83.8%
San Francisco 49ers
Colin Kaepernick
83.8%
Miami Dolphins
Ryan Tannehill
82.9%
Buffalo Bills
EJ Manuel
82.1%
New Orleans Saints
Mark Ingram
81.2%
Baltimore Ravens
Joe Flacco
80.3%
Detroit Lions
Matthew Stafford
80.3%
New Orleans Saints
Drew Brees
80.3%
Denver Broncos
CJ Anderson
79.5%
Philadelphia Eagles
Nick Foles
78.6%
Cincinnati Bengals
Giovani Bernard
77.8%
Denver Broncos
Montee Ball
77.8%
Kansas City Chiefs
Knile Davis
77.8%
Houston Texans
Ben Tate
76.9%
Indianapolis Colts
Ahmad Bradshaw
76.9%
St Louis Rams
Zac Stacy
76.9%
New England Patriots
Shane Vereen
76.1%
New York Giants
Peyton Hillis
76.1%
Pittsburgh Steelers
Ben Roethlisberger
75.2%
Green Bay Packers
James Starks
75.2%
Oakland Raiders
Rashad Jennings
74.4%
Arizona Cardinals
Andre Ellington
73.5%
Minnesota Vikings
Christian Ponder
72.6%
St Louis Rams
Sam Bradford
72.6%
Cincinnati Bengals
Andy Dalton
71.8%
Tennessee Titans
Ryan Fitzpatrick
70.9%
Atlanta Falcons
Matt Ryan
70.9%
New Orleans Saints
Darren Sproles
70.9%
San Diego Chargers
Philip Rivers
69.2%
Jacksonville Jaguars
Denard Robinson
69.2%
New Orleans Saints
Khiry Robinson
69.2%
Minnesota Vikings
Toby Gerhart
68.4%
Jacksonville Jaguars
Chad Henne
67.5%
Arizona Cardinals
Rashard Mendenhall
67.5%
Arizona Cardinals
Carson Palmer
67.5%
Carolina Panthers
Mike Tolbert
67.5%
Baltimore Ravens
Bernard Pierce
66.7%
Washington Redskins
Roy Helu
65.8%
San Diego Chargers
Danny Woodhead
64.1%
Denver Broncos
Ronnie Hillman
63.2%
Minnesota Vikings
Matt Cassel
59.8%
New York Jets
Bilal Powell
58.1%
Baltimore Ravens
Tyrod Taylor
58.1%
Oakland Raiders
Terrelle Pryor
58.1%
Tennessee Titans
Jake Locker
58.1%
Arizona Cardinals
Stepfan Taylor
58.1%
Tampa Bay Buccaneers
Bobby Rainey
58.1%
Tampa Bay Buccaneers
Mike Glennon
57.3%
Jacksonville Jaguars
Blaine Gabbert
56.4%
Team
Player
% Correct
Cleveland Browns
Willis McGahee
54.7%
New York Giants
Brandon Jacobs
54.7%
San Francisco 49ers
LaMichael James
53.8%
Tampa Bay Buccaneers
Mike James
53.8%
Washington Redskins
Kick Cousins
52.1%
Buffalo Bills
Thad Lewis
51.3%
Minnesota Vikings
Matt Asiata
51.3%
Seattle Seahawks
Robert Turbin
48.7%
Chicago Bears
Josh McCown
47.9%
New England Patriots
Brandon Bolden
47%
San Francisco 49ers
Anthony Dixon
41.9%
Houston Texans
Case Keenum
40.2%
Oakland Raiders
Marcel Reece
39.3%
St Louis Rams
Benjamin Cunningham
39.3%
Dallas Cowboys
Joseph Randle
37.6%
Kansas City Chiefs
Cyrus Gray
34.2%
Washington Redskins
Darrel Young
33.3%
Seattle Seahawks
Christine Michael
33.3%
Jacksonville Jaguars
Maurice Jones Drew
32.5%
San Francisco 49ers
Kendall Hunter
32.5%
Pittsburgh Steelers
Jonathan Dwyer
31.6%
Green Bay Packers
Matt Flynn
29.1%
Buffalo Bills
Tashard Choice
26.5%
Oakland Raiders
Matt McGloin
26.5%
Indianapolis Colts
Vick Ballard
25.6%
Atlanta Falcons
Jason Snelling
25.6%
St Louis Rams
Kellen Clemens
24.8%
Pittsburgh Steelers
Isaac Redman
23.9%
Jacksonville Jaguars
Jordon Todman
23.9%
Dallas Cowboys
Lance Dunbar
23.9%
San Diego Chargers
Le'Ron McClain
21.4%
Chicago Bears
Alshon Jeffery
20.5%
Detroit Lions
Theo Riddick
20.5%
Baltimore Ravens
Vonta Leach
18.8%
Green Bay Packers
Johnathan Franklin
17.1%
Tampa Bay Buccaneers
Brian Leonard
15.4%
Cleveland Browns
Chris Ogbonnaya
14.5%
Miami Dolphins
Charles Clay
12.8%
Tennessee Titans
Jackie Battle
12.8%
Philadelphia Eagles
Chris Polk
12.8%
Denver Broncos
Brock Osweiler
11.1%
Kansas City Chiefs
Chase Daniel
11.1%
New York Jets
Josh Cribbs
10.3%
Miami Dolphins
Mike Gillieslee
6.8%
Cleveland Browns
Fozzy Whittaker
6.8%
Houston Texans
Jonathan Grimes
6.8%
New York Giants
Michael Cox
6.8%
Cleveland Browns
Edwin Baker
5.1%
Dallas Cowboys
Phillip Tanner
5.1%
New York Jets
Tommy Bohanon
3.4%
Cincinnati Bengals
Cedric Peerman
2.6%
Carolina Panthers
Kenjon Barner
2.6%
Quiz Playlist
Details
Report
Send in Message
Add To Playlist
More Info:
Name the Top 5 ball carriers by each team.
Classic:
Type in answers that appear in a list
Last Updated: Feb 16, 2017
Quiz Scoreboard
CHALLENGE
Sign Up to Join the Scoreboard
Show All
Scores
Hide
Comments
May contain spoilers
Recently Published
Popular People in 1961
by mucciniale
History
6m
1-10 Letter E Words III
by El_Dandy
Language
2m
One Thing in Common: World Cities II
by knightlancer
Geography
7m
More to Explore
Quiz From the Vault
Featured Blog Post
Where Did the Easter Bunny Come From?
hide this ad
You Might Also Like...
Tags
NFL Quiz
2013
Carry
Player
Rushing
team
Top 5
Today's Top Quizzes in Sports
Browse Sports
hide this ad
Today's Top Quizzes in NFL
Browse NFL
Top Contributed Quizzes in Sports
1
2022 World Cup Stars
2
Les entraîneurs de l'OM et du PSG au 21e siècle
3
FIFA Club World Cup Champions
4
Criteria MLB: Left Handed Sluggers
5
Les meilleurs buteurs des matchs entre le PSG et l’OM
6
Name the Premier League winners with different clubs
7
Players with Multiple 50 Home Run Seasons
8
MLB Players with Two .350 Batting Average Seasons
9
La finale Lions - Afrique du Sud 2021
10
MLB Hall of Famer by Rings
Explore More
Trending Topics
Marvel
Crossword
NBA
Harry Potter
Anime
Kpop
Disney
Puzzle
Soccer
WWE
Song
NFL
Country
Pokémon
The Office
hide this ad
More By:
so_shiny
Quiz
Plays
Rating
Category
Featured
Created
NFL Top 5 Rushing Carries by Team (2013)
117
5.00
Sports
Nov 30, 2014
Go to Creator's Profile
Score Distribution
Quiz Creator Spotlight
so_shiny
Follow
Send a Message
Quizzes Created
-
Created Quiz Play Count
-
More By This Creator
Popular Quizzes Today
1
Find the US States - No Outlines Minefield
2
The Countries of the World
3
Popular People in 1961
4
Find the Countries of Europe - No Outlines Minefield
5
1-10 Letter E Words III
6
Find the US States
7
One Thing in Common: World Cities II
8
US States
More Sports Quizzes
Scored 4+ times in a Champions League game
Quiz Lab
Trending Quizzes
1-10 Letter F Words
One Thing in Common: Music
1-10 Letter G Words
Risky Map Clicking: Next State Alphabetically
1-10 Letter F Words II
Recently Updated
Leaping Animals
pecheneg
Reality TV Shows (A-Z)
bhenderson79
Rickey Henderson's Hall of Fame Teammates
pecheneg
Champions League XIs: Arsenal
pecheneg
Quick Pick: Celebrities in WWE's Hall of Fame
aduchscher
A-Z Keypad Blitz II
pecheneg
Multiple Oscar Actors
pecheneg
Mystery Phrase Blitz: Oscar 'Best Actors'
pecheneg
F. Scott Fitzgerald Novels
LTH
Pick 3 Villains
ddd62291
Trending Topics
Anime
NBA
Harry Potter
Kpop
Crossword
Disney
Marvel
Soccer
Country
Pokémon
Puzzle
WWE
NFL
Song
The Office
Your Account Isn't Verified!
In order to create a playlist on Sporcle, you need to verify the email address you used during registration. Go to your
Sporcle Settings
to finish the process.
Report this User
Report this user for behavior that violates our
Community Guidelines
.
Details:
Send Report
Go to the Sporcle.com Mobile Site →
Comments